| 000 | 00658nam a2200169 a 4500 | ||
|---|---|---|---|
| 001 | 000015737 | ||
| 005 | 20200929164133.0 | ||
| 008 | 100217s1960 dr r 001 0 spa d | ||
| 040 |
_aDO-SdBNP _bspa _cBNPHU |
||
| 082 |
_axxxx _bR426l |
||
| 110 | 1 |
_aRepública Dominicana, _bSecretaría de Estado de Finanzas _932264 |
|
| 245 | 1 | 0 | _aLegislación de rentas internas y bienes nacionales 1960 /. |
| 260 |
_a[Ciudad Trujillo], República Dominicana, : _bDirección General de Rentas Internas y Bienes Nacionales, _c1960. |
||
| 300 |
_av. ; _c26 cm. |
||
| 500 | _aIncluye referencias bibliográficas y notas al pie de las páginas | ||
| 590 | _aInventariado, 2018/BT | ||
| 999 |
_c15287 _d15287 |
||